000 00370nam a22001577a 4500
005 20251108170619.0
008 250721s1960 xx 000 0 eng d
082 1 4 _a932/sel
100 1 _aSellman, R.R.
245 1 0 _aAncient egypt /
264 1 _aLondon :
_bMethuen,s outlines,
_c1960.
300 _a71p.
650 1 7 _aBiography
942 _2ddc
_cBK
999 _c44829
_d44829